00263nam a2200109Ia 4500008004100000245004500041260002000086260000900106300000900115500001600124650001300140170224s9999 xx 000 0 und d aGovernance: An essential core competency bNursing Outlook c2016 a64:4 aJuly-August xNursing.